000 00277nam a22001217a 4500
008 170816b xxu||||| |||| 00| 0 eng d
041 _aeng
080 _a51
100 _a36
101 _aMAT
245 _aINTRODUCTION TO NUMERICAL ANALYSIS
_cHILDEBRAND,F.B
942 _2udc
_cBK
999 _c23649
_d23649